[Event "1st Asean GM"]
[Site "Bangkok"]
[Date "2004.06.09"]
[Round "8"]
[White "Mariano, Nelson"]
[Black "Villamayor, Bong"]
[Result "1/2-1/2"]
[WhiteElo "2416"]
[BlackElo "2469"]
[PlyCount "67"]
[EventDate "2004.06.04"]
[Source "Roberto Alvarez"]
[SourceDate "2004.06.07"]

1. e4 e5 2. Nf3 Nc6 3. Bb5 a6 4. Ba4 d6 5. c4 Bg4 6. h3 Bxf3 7. Qxf3 Nge7 8. Nc3 Ng6 9. g3 Be7 10. Nd5 O-O 11. Bxc6 bxc6 12. Ne3 Bg5 13. Nf5 Ne7 14. h4 Bf6 15. Nh6+ Kh8 16. d3 Ng8 17. Ng4 c5 18. Bd2 Be7 19. Ne3 c6 20. g4 Nf6 21. Nf5 Ne8 22. Ke2 Nc7 23. g5 Ne6 24. Qg4 Nd4+ 25. Nxd4 cxd4 26. Raf1 c5 27. f4 exf4 28. Rxf4 Qc8 29. Qxc8 Raxc8 30. Rhf1 Kg8 31. Rf5 g6 32. Rd5 Rc6 33. Kd1 Kg7 34. a3 1/2-1/2

[Event "Pontevedra2"]
[Site "Pontevedra"]
[Date "1992.??.??"]
[Round "2"]
[White "Strikovic, Aleksa"]
[Black "Gallego Jimenez, Victoriano"]
[Result "0-1"]
[WhiteElo "2480"]
[BlackElo "2405"]
[PlyCount "106"]
[EventDate "1992.??.??"]
[Source "www.chesslib.no"]
[SourceDate "2004.05.04"]

1. e4 e5 2. Nf3 Nc6 3. Bb5 a6 4. Ba4 d6 5. c4 Nf6 6. Nc3 Bg4 7. Bxc6+ bxc6 8. d4 exd4 9. Qxd4 Bxf3 10. gxf3 Nd7 11. f4 c5 12. Qd3 g6 13. Be3 Bg7 14. O-O-O O-O 15. h4 h5 16. e5 Nb6 17. b3 dxe5 18. Qe4 Qf6 19. fxe5 Qxe5 20. Qxe5 Bxe5 21. Ne4 Rfe8 22. Nxc5 Bf6 23. a4 a5 24. Kc2 Re5 25. Rd2 Be7 26. Nd3 Re4 27. Nf4 Bd6 28. Nd5 Nxd5 29. Rxd5 Be7 30. Rd7 Rc8 31. Bd2 Rxh4 32. Rxh4 Bxh4 33. f3 Bg3 34. Bxa5 h4 35. Rd1 c5 36. Be1 Bxe1 37. Rxe1 Kg7 38. Kc3 g5 39. b4 cxb4+ 40. Kxb4 f5 41. a5 Kg6 42. a6 g4 43. fxg4 fxg4 44. Kb5 g3 45. Rg1 Kg5 46. a7 Kg4 47. Kb6 h3 48. Kb7 Rg8 49. a8=Q Rxa8 50. Kxa8 h2 51. Rh1 g2 52. Rxh2 g1=Q 53. Rh7 Qc5 0-1

[Event "Miedzybrodzie Open"]
[Site "Miedzybrodzie"]
[Date "1991.??.??"]
[Round "8"]
[White "Kupreichik, Viktor D"]
[Black "Yandemirov, Valeri"]
[Result "1/2-1/2"]
[WhiteElo "2460"]
[BlackElo "2415"]
[PlyCount "113"]
[EventDate "1991.??.??"]
[Source "www.chesslib.no"]
[SourceDate "2004.05.04"]

1. e4 e5 2. Nf3 Nc6 3. Bb5 a6 4. Ba4 d6 5. c4 Bg4 6. h3 Bxf3 7. Qxf3 Nf6 8. d3 Nd7 9. Be3 Be7 10. Nc3 O-O 11. Ne2 Bg5 12. O-O Rb8 13. Rad1 Bxe3 14. Qxe3 Nc5 15. Bxc6 bxc6 16. Rd2 Ne6 17. f4 exf4 18. Nxf4 Qg5 19. Rf3 Nxf4 20. Rxf4 Qa5 21. b3 Qc3 22. Rf3 a5 23. d4 Qxe3+ 24. Rxe3 a4 25. bxa4 Rb4 26. Ra3 Ra8 27. a5 Ra6 28. Rc2 Kf8 29. Kf2 Rb7 30. Ke3 Rba7 31. Rcc3 Rxa5 32. Rxa5 Rxa5 33. a3 Ke7 34. Kd2 c5 35. dxc5 Rxc5 36. a4 Ra5 37. Ra3 Ke6 38. Kc3 c5 39. Ra1 Ke5 40. Kd3 Kf4 41. Rf1+ Ke5 42. Rxf7 Rxa4 43. Rxg7 Ra3+ 44. Ke2 Kxe4 45. Rxh7 Ra2+ 46. Kf1 d5 47. Re7+ Kd4 48. cxd5 Kxd5 49. h4 c4 50. Rc7 Kd4 51. h5 c3 52. h6 Ra1+ 53. Kf2 Rh1 54. h7 Kd3 55. Kf3 c2 56. g4 Rh3+ 57. Kf4 1/2-1/2

[Event "Voronezh op 6th"]
[Site "Voronezh"]
[Date "2002.06.17"]
[Round "5"]
[White "Shamugia, Shavlegi"]
[Black "Yandemirov, Valeri"]
[Result "0-1"]
[WhiteElo "2365"]
[BlackElo "2505"]
[PlyCount "118"]
[EventDate "2002.06.12"]
[Source "ChessBase"]
[SourceDate "2002.07.08"]

1. e4 e5 2. Nf3 Nc6 3. Bb5 a6 4. Ba4 d6 5. c4 Bg4 6. d3 Be7 7. Be3 Bxf3 8. Qxf3 Bg5 9. Nc3 Bxe3 10. fxe3 Nf6 11. O-O-O O-O 12. g4 Nd7 13. Rhg1 Nc5 14. Bxc6 bxc6 15. g5 Ne6 16. Qg4 c5 17. Rg3 c6 18. Rdg1 Rb8 19. R1g2 Qa5 20. Rc2 Rb7 21. h4 Rfb8 22. b3 Qa3+ 23. Kd2 Qa5 24. Ke2 g6 25. h5 Ng7 26. hxg6 fxg6 27. Rf3 Re7 28. Nd1 Qc7 29. Kf1 Qd7 30. Qh4 Rf7 31. Rxf7 Qxf7+ 32. Kg2 Ne6 33. Rf2 Qe7 34. Rf6 Rf8 35. Nf2 Nxg5 36. Rxf8+ Kxf8 37. Qh6+ Kg8 38. Ng4 Nf7 39. Qh3 h5 40. Nf2 Qe8 41. Nh1 Kg7 42. Ng3 Qd8 43. Kf1 Ng5 44. Qg2 Qf6+ 45. Ke2 Kh6 46. Nh1 Ne6 47. Nf2 g5 48. Nh1 g4 49. Ng3 Ng7 50. Nf1 Kg5 51. Nh2 Ne6 52. a3 a5 53. Kd2 Kg6 54. Kc3 Qg5 55. Qg3 Nd4 56. Kd2 Nxb3+ 57. Kc2 a4 58. Kd1 Qf6 59. Nxg4 Qf1+ 0-1

[Event "White Nights, St Petersburg RUS"]
[Site "?"]
[Date "2001.??.??"]
[Round "7"]
[White "Sambuev, B."]
[Black "Yandemirov, V."]
[Result "1-0"]
[WhiteElo "2390"]
[BlackElo "2470"]
[PlyCount "129"]
[EventDate "2001.??.??"]
[Source "www.chesslib.no"]
[SourceDate "2004.05.04"]

1. e4 e5 2. Nf3 Nc6 3. Bb5 a6 4. Ba4 d6 5. c4 Bg4 6. d3 Nf6 7. Be3 Be7 8. Nbd2 O-O 9. h3 Bd7 10. O-O h6 11. Bc2 Nh7 12. d4 exd4 13. Nxd4 Bf6 14. Nxc6 Bxc6 15. Rb1 Re8 16. f3 Nf8 17. Nb3 Bg5 18. Bf2 Ne6 19. Na5 Bd7 20. c5 Nf4 21. Nxb7 Qc8 22. h4 Bf6 23. c6 Bxc6 24. Na5 Bb5 25. Re1 Nh3+ 26. gxh3 Qxh3 27. f4 Bxh4 28. Bxh4 Qxh4 29. Qf3 Bd7 30. Re3 f5 31. Rbe1 fxe4 32. Bxe4 Rab8 33. Bd5+ Kf8 34. Rxe8+ Bxe8 35. Qc3 Rxb2 36. Rxe8+ Kxe8 37. Qxb2 Qe1+ 38. Kg2 Qxa5 39. Qe2+ Kf8 40. Qe6 Qd2+ 41. Kg3 Qc3+ 42. Kg4 Qf6 43. Qc8+ Ke7 44. Qxc7+ Kf8 45. Qc8+ Ke7 46. Qf5 g6 47. Qxf6+ Kxf6 48. Be4 a5 49. a4 g5 50. Kh5 Kg7 51. Bc6 Kf6 52. Kxh6 Kf5 53. Kh5 Kxf4 54. Bb7 Kf5 55. Bc6 Kf4 56. Kg6 g4 57. Kf6 Ke3 58. Kg5 g3 59. Kg4 Kd4 60. Kxg3 d5 61. Kf4 Kc5 62. Bb5 Kd4 63. Kf3 Kc3 64. Ke3 d4+ 65. Ke4 1-0

[Event "Brighton"]
[Site "Brighton"]
[Date "1982.??.??"]
[Round "?"]
[White "Tisdall, Jonathan D"]
[Black "Arnason, Jon L"]
[Result "1/2-1/2"]
[WhiteElo "2410"]
[BlackElo "2445"]
[PlyCount "104"]
[EventDate "1982.12.??"]
[Source "ChessBase"]

1. e4 e5 2. Nf3 Nc6 3. Bb5 a6 4. Ba4 d6 5. c4 Bg4 6. Qb3 Qc8 7. h3 Bd7 8. Nc3 Be7 9. d3 Nf6 10. Be3 O-O 11. Qd1 Re8 12. O-O h6 13. Nh2 Nh7 14. f4 exf4 15. Bxf4 Bg5 16. Bxg5 Nxg5 17. h4 Nh7 18. Qh5 Rf8 19. Nd5 Qd8 20. Bxc6 bxc6 21. Ne3 Qe8 22. Rf2 f6 23. Qa5 Ra7 24. Raf1 Qe5 25. Qd2 c5 26. Nd5 Qe8 27. b4 c6 28. Ne3 cxb4 29. Qxb4 Qb8 30. Rb1 Qxb4 31. Rxb4 Rc8 32. Rfb2 Nf8 33. Nf3 Rcc7 34. Rb8 h5 35. Nd4 g6 36. Kf2 Kf7 37. Ke2 Be8 38. R8b6 Ke7 39. g3 Bd7 40. Ng2 Bg4+ 41. Kd2 Bd7 42. Nf4 Kf7 43. Kc3 Ke7 44. Rb1 Kf7 45. a3 Ke7 46. a4 a5 47. c5 dxc5 48. Nb3 Kd6 49. Nd5 Rcb7 50. Nd2 Rxb6 51. Rxb6 Ke6 52. Nb3 Kd6 1/2-1/2

[Event "JUG-ch"]
[Site "Zagreb"]
[Date "1977.??.??"]
[Round "13"]
[White "Ilievski, Dimitar"]
[Black "Mestrovic, Zvonimir"]
[Result "0-1"]
[WhiteElo "2420"]
[BlackElo "2435"]
[PlyCount "64"]
[EventDate "1977.02.??"]
[Source "ChessBase"]

1. e4 Nc6 2. Nf3 e5 3. Bb5 a6 4. Ba4 d6 5. c4 Bg4 6. h3 Bxf3 7. Bxc6+ bxc6 8. Qxf3 Be7 9. Nc3 Bg5 10. Qg3 Qf6 11. d3 Bxc1 12. Rxc1 Ne7 13. O-O g5 14. Qe3 h5 15. g3 Ng6 16. Ne2 c5 17. Kh2 Rb8 18. Rc2 Nf8 19. b3 Ne6 20. f4 h4 21. f5 hxg3+ 22. Qxg3 Nf4 23. Nxf4 exf4 24. Qf3 Kd7 25. Rg1 Rh6 26. Rcg2 Rbh8 27. Rxg5 Rxh3+ 28. Qxh3 Rxh3+ 29. Kxh3 Qh6+ 30. Kg4 Qh2 31. Kf3 Qd2 32. Rf1 Qe3+ 0-1

[Event "BL2-W9697"]
[Site "Germany"]
[Date "1997.??.??"]
[Round "?"]
[White "Kveinys, Aloyzas"]
[Black "Straeter, Timo"]
[Result "1/2-1/2"]
[WhiteElo "2545"]
[BlackElo "2300"]
[PlyCount "113"]
[EventDate "1996.10.??"]
[Source "www.chesslib.no"]
[SourceDate "2004.05.04"]

1. e4 e5 2. Nf3 Nc6 3. Bb5 a6 4. Ba4 d6 5. c4 Nf6 6. Nc3 Bg4 7. h3 Bxf3 8. Qxf3 Be7 9. d3 O-O 10. Bxc6 bxc6 11. O-O Nd7 12. Be3 Nc5 13. Bxc5 dxc5 14. Qe3 Qd6 15. Rad1 Rfd8 16. g3 h5 17. Kg2 Qe6 18. Ne2 h4 19. f4 exf4 20. Qxf4 hxg3 21. Rf3 Qf6 22. Qc1 Qg5 23. Qc2 Bd6 24. Rdf1 Rd7 25. Rf5 Qh6 26. R5f3 Rb8 27. b3 Re8 28. Nxg3 Qg5 29. Qf2 f6 30. Kh1 Qh4 31. Qg2 Qg5 32. Rg1 Kf7 33. Qe2 g6 34. Nf5 Qh5 35. Nxd6+ cxd6 36. Qf2 Kg7 37. Rfg3 g5 38. Qf5 Qf7 39. h4 Rh8 40. Rh3 Kf8 41. hxg5 Rxh3+ 42. Qxh3 Qh7 43. Kh2 Qxh3+ 44. Kxh3 Rh7+ 45. Kg4 fxg5 46. Kf5 Ke7 47. Rxg5 Rf7+ 48. Kg4 Rf2 49. e5 dxe5 50. Rxe5+ Kd6 51. Rh5 Rxa2 52. Kf4 Rb2 53. Ke4 Rxb3 54. d4 cxd4 55. Kxd4 c5+ 56. Rxc5 Rd3+ 57. Kxd3 1/2-1/2

[Event "Buenos Aires ol (Men)"]
[Site "Buenos Aires ARG"]
[Date "1978.??.??"]
[Round "8"]
[White "Frias Pablaza, Victor J"]
[Black "Biyiasas, Peter"]
[Result "1/2-1/2"]
[WhiteElo "2390"]
[BlackElo "2450"]
[PlyCount "35"]
[EventDate "1978.10.25"]
[Source "www.chesslib.no"]
[SourceDate "2004.05.04"]

1. e4 e5 2. Nf3 Nc6 3. Bb5 a6 4. Ba4 d6 5. c4 Bg4 6. Nc3 Nf6 7. d3 Be7 8. h3 Bxf3 9. Qxf3 O-O 10. Bxc6 bxc6 11. O-O c5 12. Qe2 Nd7 13. f4 exf4 14. Bxf4 Bf6 15. Nd5 Bd4+ 16. Be3 Bxe3+ 17. Nxe3 Ne5 18. Ng4 1/2-1/2

[Event "Budapest FS07 GM"]
[Site "Budapest"]
[Date "1993.??.??"]
[Round "3"]
[White "Gross, Stefan"]
[Black "Davies, Nigel R"]
[Result "0-1"]
[WhiteElo "2330"]
[BlackElo "2505"]
[PlyCount "100"]
[EventDate "1993.07.??"]
[Source "ChessBase"]

1. e4 e5 2. Nf3 Nc6 3. Bb5 a6 4. Ba4 d6 5. c4 Bg4 6. d3 Nf6 7. Be3 Be7 8. Nc3 O-O 9. h3 Bxf3 10. Qxf3 Nd4 11. Bxd4 exd4 12. Ne2 c6 13. O-O b5 14. Bb3 Qb6 15. Ng3 g6 16. c5 dxc5 17. e5 Nd5 18. Bxd5 cxd5 19. Qxd5 c4 20. dxc4 Rfd8 21. c5 Rxd5 22. cxb6 Rxe5 23. Rfe1 Rxe1+ 24. Rxe1 Kf8 25. Rd1 Rb8 26. Rxd4 Rxb6 27. Nf1 Rc6 28. Ne3 Rc1+ 29. Rd1 Rc5 30. Kf1 Bg5 31. Ke2 a5 32. b3 f5 33. Rd4 f4 34. Rd5 f3+ 35. Kxf3 Bxe3 36. Rd8+ Ke7 37. Rh8 Bd4 38. Rxh7+ Ke6 39. Rb7 Rf5+ 40. Ke4 Bxf2 41. g4 Re5+ 42. Kf3 Bd4 43. h4 Kd6 44. Rb8 Kc5 45. Rc8+ Kb4 46. Rc2 g5 47. hxg5 Rxg5 48. Kf4 Rc5 49. Rg2 Bf6 50. Ke4 Ka3 0-1

[Event "YUG-ch op"]
[Site "?"]
[Date "1998.??.??"]
[Round "7"]
[White "Brenjo Slavisa"]
[Black "Carnic Srdjan"]
[Result "1-0"]
[WhiteElo "2450"]
[BlackElo "2385"]
[PlyCount "116"]
[EventDate "1998.??.??"]
[Source "www.chesslib.no"]
[SourceDate "2004.05.04"]

1. e4 e5 2. Nf3 Nc6 3. Bb5 a6 4. Ba4 d6 5. c4 Bg4 6. Nc3 Nf6 7. h3 Bxf3 8. Qxf3 Nd7 9. Ne2 Be7 10. Bxc6 bxc6 11. d4 exd4 12. Nxd4 Ne5 13. Qe2 c5 14. Nf5 O-O 15. O-O Bf6 16. Be3 Rb8 17. b3 Re8 18. Rad1 Qc8 19. f4 Nc6 20. Qf3 Qe6 21. e5 dxe5 22. Nh6+ Kh8 23. f5 e4 24. Qh5 Qe7 25. Nxf7+ Kg8 26. Ng5 h6 27. Ne6 Nd4 28. Rf4 Nxe6 29. Rxe4 Nf4 30. Qxe8+ Rxe8 31. Rxe7 Nxh3+ 32. gxh3 Rxe7 33. Bxc5 Re2 34. a4 Rb2 35. Rd3 Be5 36. b4 Ra2 37. a5 Rc2 38. Bd4 Bxd4+ 39. Rxd4 c6 40. Kf1 Kf8 41. Ke1 Ke7 42. Kd1 Rb2 43. c5 h5 44. Kc1 Rf2 45. Rd6 Rf4 46. Rxc6 Rxb4 47. Kd2 Rb5 48. Kc3 Rxa5 49. Kd4 Ra3 50. Rg6 Rxh3 51. c6 Rh4+ 52. Kc5 Rf4 53. c7 Rxf5+ 54. Kb6 Rb5+ 55. Kxa6 Rc5 56. Kb6 Rxc7 57. Rxg7+ Kf6 58. Rxc7 Kf5 1-0

[Event "National I"]
[Site "Montpellier"]
[Date "2003.01.31"]
[Round "1"]
[White "Sarthou, Gaetan"]
[Black "Anic, Darko"]
[Result "1-0"]
[WhiteElo "2375"]
[BlackElo "2455"]
[PlyCount "69"]
[EventDate "2003.01.31"]
[Source "Roberto Alvarez"]
[SourceDate "2003.02.17"]

1. e4 e5 2. Nf3 Nc6 3. Bb5 a6 4. Ba4 d6 5. c4 Bd7 6. d4 Nf6 7. Nc3 Be7 8. O-O O-O 9. dxe5 Nxe5 10. Nxe5 dxe5 11. Bxd7 Qxd7 12. Qxd7 Nxd7 13. Nd5 Bd8 14. Be3 c6 15. Nc3 Bc7 16. Rac1 Rfd8 17. Na4 Kf8 18. a3 Ke8 19. b4 Nf6 20. Nc5 Ng4 21. Bg5 f6 22. h3 fxg5 23. hxg4 Ke7 24. Nxb7 Rd4 25. Rfd1 Rxe4 26. Nc5 Rd4 27. Rxd4 exd4 28. Re1+ Kf7 29. Ne6 Bd8 30. Nxd4 c5 31. bxc5 Rc8 32. Nf5 Rxc5 33. Nd6+ Kg6 34. Nb7 Rc8 35. Re8 1-0

[Event "New York Open"]
[Site "New York, NY USA"]
[Date "1992.??.??"]
[Round "3"]
[White "Sherzer, Alex"]
[Black "Weyrich, Morten"]
[Result "0-1"]
[WhiteElo "2460"]
[BlackElo "2370"]
[PlyCount "142"]
[EventDate "1992.04.??"]
[Source "www.chesslib.no"]
[SourceDate "2004.05.04"]

1. e4 e5 2. Nf3 Nc6 3. Bb5 a6 4. Ba4 d6 5. c4 Bd7 6. d4 Nge7 7. d5 Nb8 8. Nc3 Ng6 9. Be3 Be7 10. b4 b6 11. O-O O-O 12. Rc1 f5 13. Bxd7 Qxd7 14. c5 dxc5 15. exf5 Nf4 16. Nxe5 Qxf5 17. Bxf4 Qxf4 18. d6 Bxd6 19. Qd5+ Kh8 20. g3 Qxe5 21. Qxa8 cxb4 22. Ne4 Nd7 23. Nxd6 Qxd6 24. Qc6 Nc5 25. Qxd6 cxd6 26. Rc4 a5 27. Rd4 Rd8 28. Rfd1 Nb7 29. Rd5 Rb8 30. Rb5 Nc5 31. Rxd6 Na4 32. a3 bxa3 33. Rd3 a2 34. Ra3 Nc3 35. Rbb3 Rc8 36. Rxb6 a4 37. Re6 Rb8 38. Kg2 h6 39. Rc6 Rb3 40. Rxc3 Rxc3 41. Rxa4 Rc2 42. Ra7 Kh7 43. g4 Kg6 44. Ra6+ Kf7 45. h4 Ke7 46. Kg3 Kd7 47. h5 Kc7 48. f4 Kb7 49. Ra5 Kb6 50. Ra8 Kb5 51. g5 Kb4 52. gxh6 gxh6 53. Kg4 Kb3 54. Kf5 Rc8 55. Ra7 Rc5+ 56. Kg6 Rc6+ 57. Kf5 Rb6 58. Ra5 Kb2 59. Ke5 a1=Q 60. Rxa1 Kxa1 61. f5 Kb2 62. f6 Kc3 63. f7 Rb8 64. Kd5 Kd3 65. Ke5 Ke3 66. Kf5 Kd4 67. Kf6 Kd5 68. Kg7 Ke6 69. f8=Q Rxf8 70. Kxf8 Kf6 71. Ke8 Kg5 0-1

[Event "VIII Int Rapid"]
[Site "El Sauzal ESP"]
[Date "2007.11.04"]
[Round "8"]
[White "Rodriguez, Am"]
[Black "Tatai, S."]
[Result "1/2-1/2"]
[WhiteElo "2481"]
[BlackElo "2342"]
[PlyCount "74"]
[EventDate "2007.11.03"]
[Source "www.chesslib.no"]
[SourceDate "2004.05.04"]

1. e4 e5 2. Nf3 Nc6 3. Bb5 a6 4. Ba4 d6 5. c4 Bd7 6. d4 Nge7 7. Nc3 Ng6 8. d5 Nb8 9. Qb3 Qc8 10. O-O Be7 11. Be3 O-O 12. Bxd7 Nxd7 13. Qc2 c5 14. dxc6 bxc6 15. b4 h6 16. a4 Nf6 17. Ne1 d5 18. Bd2 Bxb4 19. Nxd5 Nxd5 20. cxd5 Bxd2 21. Qxd2 cxd5 22. exd5 Rd8 23. Nc2 Nf4 24. Ne3 Qc3 25. Rfd1 Rac8 26. Rab1 Qa3 27. Qb4 Rc3 28. Qe4 Rxe3 29. fxe3 Ne2+ 30. Kh1 Nc3 31. Qh4 Qd6 32. Rbc1 Nxd1 33. Rxd1 Rb8 34. Qc4 Rb4 35. Qc8+ Kh7 36. Qf5+ Kg8 37. Rc1 g6 1/2-1/2

[Event "BUL Ch"]
[Site "Sofia BUL"]
[Date "1981.??.??"]
[Round "3"]
[White "Lukov, Valentin"]
[Black "Toshkov, Tihomir"]
[Result "0-1"]
[WhiteElo "2430"]
[BlackElo "2385"]
[PlyCount "128"]
[EventDate "1981.??.??"]
[Source "www.chesslib.no"]
[SourceDate "2004.05.04"]

1. e4 e5 2. Nf3 Nc6 3. Bb5 a6 4. Ba4 d6 5. c4 Bg4 6. h3 Bxf3 7. Qxf3 Nf6 8. Nc3 Be7 9. Ne2 Nd7 10. O-O O-O 11. d3 Rb8 12. a3 Nc5 13. Bc2 Ne6 14. Be3 g6 15. Qg3 Bf6 16. b4 Bg7 17. Ba4 Ned4 18. Ra2 Ne6 19. Bxc6 bxc6 20. f4 f5 21. exf5 Rxf5 22. fxe5 Rxf1+ 23. Kxf1 Bxe5 24. Qe1 c5 25. Ng1 Qf6+ 26. Rf2 Qg7 27. Ne2 cxb4 28. axb4 c5 29. Bd2 cxb4 30. Bxb4 Qb7 31. Bc3 Qb1 32. Bxe5 dxe5 33. Rf3 Nc5 34. Nc3 Qxe1+ 35. Kxe1 Rb3 36. Kd2 Rb2+ 37. Ke3 Rxg2 38. d4 Rc2 39. Nd5 Nd7 40. Kd3 Rc1 41. Nc3 Kg7 42. c5 exd4 43. Kxd4 Re1 44. Rf2 Ne5 45. Kd5 Re3 46. Ne4 Nd3 47. c6 Nxf2 48. c7 Nxe4 49. c8=Q Nf6+ 50. Kd4 Re4+ 51. Kd3 g5 52. Qxa6 Kg6 53. Qc6 Rh4 54. Qe6 Rf4 55. Qe2 Ne4 56. Ke3 Ng3 57. Qa6+ Kh5 58. Qb7 h6 59. Qg2 Kh4 60. Kd3 Ne4 61. Ke3 Nf2 62. Qc6 h5 63. Qg2 Nxh3 64. Qh1 g4 0-1

[Event "RUS-Cup1 Chigorin mem"]
[Site "St Petersburg"]
[Date "1996.??.??"]
[Round "1"]
[White "Kupreichik, Viktor D"]
[Black "Beliavsky, Boris"]
[Result "1-0"]
[WhiteElo "2510"]
[BlackElo "2305"]
[PlyCount "113"]
[EventDate "1996.11.??"]
[Source "ChessBase"]

1. e4 e5 2. Nf3 Nc6 3. Bb5 a6 4. Ba4 d6 5. c4 Bd7 6. Nc3 Nf6 7. d4 exd4 8. Nxd4 Be7 9. O-O O-O 10. Nxc6 Bxc6 11. Bxc6 bxc6 12. Qa4 c5 13. Rd1 Qb8 14. Qc6 Ra7 15. b3 Qe8 16. Qxe8 Rxe8 17. f3 Bf8 18. Be3 Rb7 19. Rd2 Nd7 20. Re1 Ne5 21. f4 Ng4 22. h3 Nxe3 23. Rxe3 g6 24. e5 Bg7 25. exd6 Rxe3 26. d7 Rb8 27. d8=Q+ Rxd8 28. Rxd8+ Bf8 29. Nd5 Re1+ 30. Kf2 Ra1 31. a4 Ra2+ 32. Kf3 Rb2 33. Rb8 c6 34. Ne7+ Kg7 35. Nxc6 Rb1 36. Rb7 Rf1+ 37. Ke3 Bd6 38. Nd8 Re1+ 39. Kf2 Re7 40. Kf3 h5 41. Rxe7 Bxe7 42. Nc6 Bd6 43. Ke4 f5+ 44. Kd5 Bxf4 45. Kxc5 g5 46. b4 Kf6 47. b5 axb5 48. cxb5 Be3+ 49. Kd5 f4 50. a5 g4 51. hxg4 f3 52. gxf3 h4 53. Nd4 h3 54. a6 h2 55. a7 h1=Q 56. a8=Q Qc1 57. Qc6+ 1-0

[Event "CSR-ch int"]
[Site "Luhacovice"]
[Date "1971.??.??"]
[Round "6"]
[White "Hlousek, Zdenek"]
[Black "Honfi, Karoly"]
[Result "1/2-1/2"]
[WhiteElo "2380"]
[BlackElo "2435"]
[PlyCount "91"]
[EventDate "1971.04.??"]
[Source "ChessBase"]

1. e4 e5 2. Nf3 Nc6 3. Bb5 a6 4. Ba4 d6 5. c4 Nf6 6. Nc3 Bg4 7. d3 Be7 8. h3 Bxf3 9. Qxf3 O-O 10. Be3 Nd7 11. O-O Nd4 12. Qd1 Nc5 13. Bxd4 exd4 14. Ne2 Bf6 15. b4 Ne6 16. Qd2 c6 17. f4 a5 18. a3 Ra7 19. b5 Nc5 20. Qc2 Qc7 21. bxc6 bxc6 22. Rab1 g6 23. Ng3 Raa8 24. Rb2 Rfb8 25. Rfb1 Rxb2 26. Rxb2 h5 27. Rb1 Ra6 28. Qd1 Rb6 29. Bc2 Bg7 30. Rxb6 Qxb6 31. Qb1 Qc7 32. Ne2 Kh7 33. Qf1 Qe7 34. Qe1 Qa7 35. Kh1 Qb6 36. Qb1 Qd8 37. Qe1 Kg8 38. g3 Kf8 39. Kg2 f5 40. exf5 gxf5 41. Ng1 d5 42. cxd5 Qxd5+ 43. Nf3 Qa2 44. Qb1 Qxb1 45. Bxb1 Ke7 46. Nd2 1/2-1/2

[Event "Lone Pine op"]
[Site "Lone Pine"]
[Date "1978.??.??"]
[Round "8"]
[White "Brasket, Curt Justin"]
[Black "Westerinen, Heikki MJ"]
[Result "0-1"]
[WhiteElo "2355"]
[BlackElo "2450"]
[PlyCount "78"]
[EventDate "1978.04.??"]
[Source "ChessBase"]

1. e4 e5 2. Nf3 Nc6 3. Bb5 a6 4. Ba4 d6 5. c4 Bg4 6. h3 Bxf3 7. Bxc6+ bxc6 8. Qxf3 Ne7 9. Nc3 c5 10. d3 Nc6 11. Be3 Nd4 12. Bxd4 cxd4 13. Ne2 Qb8 14. O-O-O Qb4 15. Ng3 g6 16. Kb1 Bh6 17. h4 O-O 18. h5 Rfb8 19. Qe2 Bg5 20. Ka1 Rb7 21. Qc2 Rab8 22. Rb1 a5 23. Ne2 a4 24. g3 Qd2 25. Qxd2 Bxd2 26. Rhd1 Ba5 27. f4 gxh5 28. Rh1 c5 29. fxe5 dxe5 30. Rxh5 Bc3 31. Nxc3 dxc3 32. Rh2 a3 33. b3 Rd8 34. Rc1 Rxd3 35. Rhc2 Rbd7 36. Kb1 Rxg3 37. Rxc3 Rxc3 38. Rxc3 Rd4 39. Rg3+ Kf8 0-1

[Event "It (Open) Bizovac CRO"]
[Site "?"]
[Date "2006.02.23"]
[Round "2"]
[White "Predojevic Borki"]
[Black "Janchev Petar"]
[Result "1-0"]
[WhiteElo "2553"]
[BlackElo "2238"]
[PlyCount "87"]
[EventDate "2006.??.??"]
[Source "www.chesslib.no"]
[SourceDate "2004.05.04"]

1. e4 e5 2. Nf3 Nc6 3. Bb5 a6 4. Ba4 d6 5. c4 Nf6 6. d3 Be7 7. h3 O-O 8. Be3 Re8 9. O-O Bd7 10. Nc3 h6 11. a3 Bf8 12. Qd2 Na5 13. Bd1 c5 14. b4 Nc6 15. Rb1 Rb8 16. Nh2 Nd4 17. Ng4 b5 18. Nxf6+ Qxf6 19. cxb5 axb5 20. f4 exf4 21. Nd5 Qd8 22. Bxd4 cxd4 23. Nxf4 Qg5 24. Qf2 Qf6 25. Qa2 Qg5 26. Bb3 Re7 27. Rf3 Be8 28. Rbf1 Kh7 29. Ne2 f6 30. Nxd4 Bh5 31. Rf4 Re5 32. Qf2 d5 33. Nc6 Bd6 34. Nxb8 Bxb8 35. Rf5 Qg6 36. Rxe5 Bxe5 37. Bxd5 Bg3 38. Qf5 Qxf5 39. exf5 Be2 40. Rc1 Bf4 41. Rc8 h5 42. Be4 Be3+ 43. Kh1 h4 44. Rb8 1-0

[Event "JUG Team Ch"]
[Site "Zlatibor"]
[Date "1989.??.??"]
[Round "?"]
[White "Strikovic, Aleksa"]
[Black "Vukovic, Ivo"]
[Result "1-0"]
[WhiteElo "2470"]
[BlackElo "2320"]
[PlyCount "71"]
[EventDate "1989.??.??"]
[Source "www.chesslib.no"]
[SourceDate "2004.05.04"]

1. e4 e5 2. Nf3 Nc6 3. Bb5 a6 4. Ba4 d6 5. c4 Bd7 6. d4 Nge7 7. dxe5 Nxe5 8. Nxe5 dxe5 9. Bxd7+ Qxd7 10. Qxd7+ Kxd7 11. Nc3 Rd8 12. Be3 Kc8 13. Ke2 Nc6 14. Rhd1 Rxd1 15. Rxd1 Be7 16. Nd5 Rd8 17. a3 Bf8 18. b4 Ne7 19. c5 Nxd5 20. exd5 c6 21. d6 Kd7 22. g4 f6 23. Kd3 g6 24. f4 exf4 25. Bxf4 Re8 26. Rf1 a5 27. bxa5 f5 28. gxf5 gxf5 29. Rb1 Kc8 30. a6 bxa6 31. Rb6 Kd7 32. Rxa6 Re4 33. Ra7+ Ke6 34. Bg5 Re5 35. Kc4 Rd5 36. Rxh7 1-0

[Event "POL Ch 31th"]
[Site "Zielona Gora"]
[Date "1974.??.??"]
[Round "5"]
[White "Kostro, Jerzy"]
[Black "Pytel, Krzysztof"]
[Result "1/2-1/2"]
[WhiteElo "2385"]
[BlackElo "2405"]
[PlyCount "32"]
[EventDate "1974.02.17"]
[Source "www.chesslib.no"]
[SourceDate "2004.05.04"]

1. e4 e5 2. Nf3 Nc6 3. Bb5 a6 4. Ba4 d6 5. c4 Bd7 6. Nc3 g6 7. d4 Bg7 8. Be3 exd4 9. Nxd4 Ne5 10. Bxd7+ Qxd7 11. Qe2 Ng4 12. Rd1 Nxe3 13. Qxe3 Ne7 14. c5 O-O 15. cxd6 Qxd6 16. Nde2 Qb4 1/2-1/2

[Event "Wch Seniors"]
[Site "Bad Liebenzell"]
[Date "1996.??.??"]
[Round "3"]
[White "Vasiukov, Evgeni"]
[Black "Frumson, Yury"]
[Result "1-0"]
[WhiteElo "2505"]
[BlackElo "2275"]
[PlyCount "51"]
[EventDate "1996.??.??"]
[Source "www.chesslib.no"]
[SourceDate "2004.05.04"]

1. e4 e5 2. Nf3 Nc6 3. Bb5 a6 4. Ba4 d6 5. c4 Bg4 6. d3 Nf6 7. Be3 Nd7 8. Nbd2 Be7 9. h3 Bxf3 10. Nxf3 Bf6 11. O-O O-O 12. b4 Nd4 13. Nxd4 exd4 14. Bd2 c6 15. Bb3 c5 16. a3 b6 17. f4 Qe7 18. Ba4 Nb8 19. bxc5 bxc5 20. Rb1 Qc7 21. Qf3 Ra7 22. Rb3 Rc8 23. Rfb1 h6 24. Rb6 Qd8 25. Qg4 Ra8 26. Rxd6 1-0

[Event "Saint John op-1"]
[Site "Saint John"]
[Date "1988.??.??"]
[Round "?"]
[White "Rodriguez, Daniel Mauricio"]
[Black "Clemance, Philip A"]
[Result "1-0"]
[WhiteElo "2465"]
[BlackElo "2315"]
[PlyCount "118"]
[EventDate "1988.01.??"]
[Source "ChessBase"]

1. e4 e5 2. Nf3 Nc6 3. Bb5 a6 4. Ba4 d6 5. c4 Bg4 6. h3 Bxf3 7. Qxf3 Nf6 8. d3 Be7 9. Be3 O-O 10. Nc3 Nd7 11. g4 Nc5 12. Bxc5 dxc5 13. Bxc6 bxc6 14. O-O-O Rb8 15. Kc2 Bg5 16. Rdg1 Qd4 17. Qe2 Rfd8 18. h4 Bf4 19. Rb1 a5 20. Rh3 Rb4 21. Qe1 Rdb8 22. b3 Qd7 23. Qe2 Qc8 24. Rhh1 Qd7 25. g5 Qd4 26. Rhd1 g6 27. Qf3 Ra8 28. Re1 a4 29. Qe2 axb3+ 30. Rxb3 Rxb3 31. axb3 Qd7 32. Qf3 Qc8 33. Rb1 Qb7 34. Qd1 Ra3 35. Kb2 Qb4 36. Ra1 Rxa1 37. Qxa1 Bd2 38. Qa8+ Kg7 39. Nb1 Be1 40. Qxc6 Qb6 41. Qd5 Qd6 42. Nc3 Bxf2 43. Nb5 Qe7 44. Qc6 Bxh4 45. Nxc7 Qxg5 46. Qxc5 Be1 47. Ne8+ Kg8 48. Ka3 Qc1+ 49. Ka4 Qa1+ 50. Kb5 Qa5+ 51. Kc6 Qa6+ 52. Qb6 Qc8+ 53. Nc7 h5 54. b4 h4 55. b5 h3 56. Qg1 Ba5 57. b6 Qd8 58. Nd5 Qe8+ 59. Kb7 Bd2 1-0

[Event "Oslo CI"]
[Site "Oslo"]
[Date "1974.??.??"]
[Round "3"]
[White "Akvist, Hakan"]
[Black "Westerinen, Heikki MJ"]
[Result "1/2-1/2"]
[WhiteElo "2340"]
[BlackElo "2435"]
[PlyCount "34"]
[EventDate "1974.??.??"]
[Source "ChessBase"]

1. e4 e5 2. Nf3 Nc6 3. Bb5 a6 4. Ba4 d6 5. c4 Bg4 6. Nc3 Nf6 7. h3 Bxf3 8. Bxc6+ bxc6 9. Qxf3 Be7 10. d3 O-O 11. O-O Rb8 12. Rb1 Nd7 13. Be3 Bg5 14. Qg4 Bxe3 15. fxe3 Qe7 16. b3 Qe6 17. Qxe6 fxe6 1/2-1/2